00827nas a22002297a 4500001000400000003001000004005001700014008004100031040002500072041001300097080001900110245006600129246005900195260003100254300002600285310001700311362002700328500007200355650004000427710003800467785009200505908BR-CuiBMT20231123194649.0230728c1997 mtbfr p s0 a1por d aBR-CuiBMTcBR-CuiBMT aporbpor 22007a33x(05)00aTCE em revista :bTribunal de Contas do Estado de Mato Grosso30aRevista do Tribunal de Contas do Estado de Mato Grosso aCuiabá :bTCE-MT,c1997- av. :bil. ;c26-29 cm aAnualb1997-0 aVol. 10, n. 13 (1997)- aA revista voltou a circular após um período de paralisação. aFinanças públicasvPeriódicos2 aMato Grosso.bTribunal de Contas.00tRevista do Tribunal de Contas do Estado de Mato GrossogNo. 15 (1998)-w(BR-CuiBMT) 916